| 000 | 00617nam a2200205 a 4500 | ||
|---|---|---|---|
| 001 | 000019094 | ||
| 005 | 20200929165924.0 | ||
| 008 | 100525s1997 ve a r 000 p spa d | ||
| 020 | _a9800746900 | ||
| 040 |
_aDO-SdBNP _bspa _cBNPHU |
||
| 082 |
_aV861.44 _bO15r |
||
| 100 | 1 |
_aOráa, Oceanía _941086 |
|
| 245 | 1 | 0 |
_aRimar es amar / _cOceanía Oráa ; prólogo José Simón Escalona. |
| 260 |
_aCaracas : _bAltolitho, _c1997. |
||
| 300 |
_a136 p. : _bil. ; _c22 cm. |
||
| 650 | 4 |
_aPoesía venezolana _94230 |
|
| 650 | 4 |
_aLiteratura venezolana _93816 |
|
| 700 | 1 |
_aEScalona, José Simón, _eed. _941087 |
|
| 049 | _aBNGR | ||
| 999 |
_c18612 _d18612 |
||